Vasco Núñez de Balboa y el Mar del Sur (Record no. 187617)
[ view plain ]
| 000 -LEADER | |
|---|---|
| campo de control de longitud fija | 00990nam a2200229 i 4500 |
| 001 - NÚMERO DE CONTROL | |
| campo de control | 187617 |
| 003 - IDENTIFICADOR DE NÚMERO DE CONTROL | |
| campo de control | ES-MaACL |
| 005 - FECHA Y HORA DE LA ÚLTIMA TRANSACCIÓN | |
| campo de control | 20250809063543.0 |
| 008 - DATOS DE LONGITUD FIJA--INFORMACIÓN GENERAL | |
| campo de control de longitud fija | 171211s2013 sp ab |||| | spa d |
| 080 ## - NÚMERO DE LA CLASIFICACIÓN DECIMAL UNIVERSAL | |
| Número de la Clasificación Decimal Universal | 929 Núñez de Balboa |
| 100 1# - ENTRADA PRINCIPAL--NOMBRE DE PERSONA | |
| Nombre de persona | Tamames, Ramón, |
| Fechas asociadas al nombre | 1933- |
| 9 (RLIN) | 237391 |
| 245 10 - MENCIÓN DEL TÍTULO | |
| Título | Vasco Núñez de Balboa y el Mar del Sur |
| Resto del título | : navegaciones y conquistas en los siglos XVI a XIX / |
| Mención de responsabilidad, etc. | Ramón Tamames. |
| 260 ## - PUBLICACIÓN, DISTRIBUCIÓN, ETC. | |
| Lugar de publicación, distribución, etc. | Madrid : |
| Nombre del editor, distribuidor, etc. | Despacho de Ramón Tamames, |
| Fecha de publicación, distribución, etc. | [2013] |
| 300 ## - DESCRIPCIÓN FÍSICA | |
| Extensión | 144 p. : |
| Otras características físicas | il. y mapas ; |
| Dimensiones | 22 cm. |
| 500 ## - NOTA GENERAL | |
| Nota general | En port.: Ediciones del V Centenario del descubrimiento del Mar del Sur (1513-2013) |
| 600 14 - PUNTO DE ACCESO ADICIONAL DE MATERIA--NOMBRE DE PERSONA | |
| Nombre de persona | Núñez de Balboa, Vasco, |
| Fechas asociadas al nombre | ca. 1475-1517 |
| 9 (RLIN) | 86182 |
| 651 #4 - PUNTO DE ACCESO ADICIONAL DE MATERIA--NOMBRE GEOGRÁFICO | |
| Nombre geográfico | Pacífico- |
| Subdivisión general | Descubrimientos y exploraciones- |
| -- | Españoles. |
| 9 (RLIN) | 155865 |
| 852 ## - LOCALIZACIÓN | |
| Ubicación | ES-MaACL |
| Número de control de estantería | A-14060 |
| itemnumber | 194703 |
| Sublocalización o colección | R.151334 |
| Ubicación en estantería | Depósito 1 |
| Signatura antigua | Olim: N-7060 |
| Donativo/Legado | Donación: Real Academia Española |
| 914 ## - NOMBRE ENTIDAD DE DONANTE | |
| RLIN | 6336 |
| Nombre de congreso/reunión o jurisdicción como elemento de entrada | Real Academia Española |
| Unidad subordinada | Donante |
| 942 ## - ELEMENTOS DE ENTRADA SECUNDARIOS (KOHA) | |
| Fuente del sistema de clasificación o colocación | Clasificación decimal universal |
| Tipo de ítem Koha | Libro impreso |
| Estatus retirado | Estado de pérdida | Fuente del sistema de clasificación o colocación | Estado de daño | No para préstamo | Biblioteca de origen | Biblioteca actual | Ubicación en estantería | Fecha de adquisición | Fuente de adquisición | Total de préstamos | Signatura topográfica completa | Código de barras | Visto por última vez | Precio de reemplazo |
|---|---|---|---|---|---|---|---|---|---|---|---|---|---|---|
| Clasificación decimal universal | Biblioteca del Ateneo de Madrid | Biblioteca del Ateneo de Madrid | Depósito 1 | 11/12/2017 | Donación | A-14060 | 1198167 | 23/02/2023 | 23/02/2023 |
